LEADER 01257nam a2200301 u 4500 001 000000031702 003 CaOOAMICUS 005 20070226112153.0 008 971007s1961 it u000 u ita u 035 $a10771783 040 $aPUL$bita 041 1 $aita$hger 100 1 $aSchmid, Josef,$csac.,$dn. 1893.$0(OLS)http://pul/name/24554 245 12$aL'evangelo secondo Marco /$ctradotto e commentato da Josef Schmid. 250 $a2. ed. /$ba cura di Giovanni Rinaldi. 260 $aBrescia :$bMorcelliana,$c1961. 300 $a413 p. ;$c23 cm 490 1 $aIl Nuovo Testamento commentato ;$v2 630 04$aBiblia.$pN.T.$pMarcus$vCommenti.$0(OLS)http://pul/subject/37849 700 1 $aRinaldi, Giovanni.$0(OLS)http://pul/name/12979 730 0 $aBiblia.$pN.T.$pEvang. sec. Marcum.$lItaliano.$0(OLS)http://pul/title/43039 830 3$aIl Nuovo Testamento commentato ;$v2.$0(OLS)http://pul/title/43471 850 $aPUL 852 $aPUL$W1$xSL Religione 1$y3$m1(7) Q 2$j43747$nBK-PRI$b $qStampati$B43747$CPULBib$Z2$F43747 $H $81 941 1 $a8 961 $aINV: 26006 996 $6245$aL'evangelo secondo Marco$9(OLS)http://pul/title/43620 996 $6260$aBrescia :$bMorcelliana$9(OLS)http://pul/publisher/47854 LEADER 01109nam a2200301 a 4500 001 000000124516 003 CaOOAMICUS 005 20110303152302.0 008 110303t2010 it u000 u ita r 020 $a978-88-10-80936-5 040 $aPUL$bita 082 04$a174.9 100 1 $aCipressa, Salvatore,$csac.,$d1961-$0(OLS)http://pul/name/48657 245 10$aBioetica per amare la vita /$cSalvatore Cipressa. 260 $aBologna :$bEDB,$cİ2010. 300 $a183 p. ;$c21 cm 490 1 $aPersona e psiche 504 $aBibliografia in nota. 650 4$aBioetica e religione.$0(OLS)http://pul/subject/36334 830 0$aPersona e psiche.$0(OLS)http://pul/title/71869 850 $aPUL 852 $aPUL$W1$xSL Filosofia 3$y81$m174. 9 CIPSA 1$j143355$qDDC 21$B142389$CPULBib$Z2$F142389 $82 941 1 $a9 996 $6020$a978-88-10-80936-5$9(OLS)http://pul/number/146534 996 $6082$a174.9$9(OLS)http://pul/classification/495 996 $6245$aBioetica per amare la vita$9(OLS)http://pul/title/156966 996 $6260$aBologna :$bEDB$9(OLS)http://pul/publisher/56073